00900 2200325 4500001002100000005001500021035002000036007000300056040001700059100002900076245007000105250001000175300003100185504002500216020002200241041000800263082001000271084001600281090002600297264004000323336002100363337003000384338002300414650002000437850001000457008004100467990002200508990002200530990002200552INLIS00000000000948020260420095638 a0010-1222000085ta aSBPUPADbind0 aTikah Hanani:ePengarang1 aPanduan Lengkap Usaha Pembesaran Lele Sangkuriang /cTikah Hanani aCet.1 a100 hlm. :bilus. ;c14 cm abibiliografi, hlm 98 a978-602-6348-33-30 aind a639.3 a639.3 TIK p a639.3 TIK p L 19 R 10 aJawa Barat :bAir Publishing,c2016 2rdacontentateks 2rdamediaatanpa perantara 2rdacarrieravolume 4aTeknik Terampil aPUPAD260420 0  a28.738/B/DPK/2018 a28.737/B/DPK/2018 a23.644/H/DPK/2017